| 000 | 00581cam a2200217 4500 | ||
|---|---|---|---|
| 001 | B385 | ||
| 008 | 090401t1990 xxu||||| |||| 00| 0 eng d | ||
| 035 | _a(Sirsi) u35399 | ||
| 041 | _aeng | ||
| 050 | _a333.33202573 | ||
| 110 |
_aSociety of Real Estate Appraisers _92098 |
||
| 245 | _a1990 directory of designated members | ||
| 260 |
_aChicago,Ill _bSociety of Real Estate Appraisers _c1990 |
||
| 300 | _axix,251p. ; 27cm. | ||
| 350 | _a0 | ||
| 650 | _aDIRECTORIES | ||
| 650 | _aUNITED STATES OF AMERICA | ||
| 650 |
_aValuation _96273 |
||
| 942 | _n0 | ||
| 948 | _c04/03/1997 | ||
| 999 |
_c90102 _d90102 |
||